000 00521nam a22001697a 4500
005 20251108180001.0
008 250721s2023 xx 000 0 ara d
082 1 4 _aم/413.12/جبو
100 1 _aالجبوري، عبدالرحمن مطلك
245 1 0 _aمعجم الرباعي المكرر في العربية /
264 1 _aعمان :
_bدار غيداء للنشر،
_c2023.
300 _a513ص.
650 1 7 _aاللغة العربية
650 1 7 _aالقواميس
942 _2ddc
_cREF
999 _c147024
_d147024